000 00541nam a2200229Ia 4500
003 OSt
005 20220918200007.0
006 a|||||r|||| 00| 0
007 ta
008 220917b |||||||| |||| 00| 0 eng d
024 _a87,095
037 _cTextual
040 _aARTS
_cARTS
_beng
041 _2eng
_aeng
082 _aT2:38:F, J5.2
100 _aFowles G ed
_992331
245 0 _aChemistry
260 _c1955
650 _aEDUCATION
942 _hT2:38:F, J5.2
_cTEXL
_2CC
999 _c210790
_d210790